Synergetics 2: explorations in the geometry of thinking (Record no. 352412)

000 -LEADER
fixed length control field 00987 a2200277 4500
003 - CONTROL NUMBER IDENTIFIER
control field OSt
005 - DATE AND TIME OF LATEST TRANSACTION
control field 20180116192334.0
008 - FIXED-LENGTH DATA ELEMENTS--GENERAL INFORMATION
fixed length control field 120229t xxu||||| |||| 00| 0 eng d
010 ## - LIBRARY OF CONGRESS CONTROL NUMBER
LC control number 74007264
020 ## - INTERNATIONAL STANDARD BOOK NUMBER
International Standard Book Number 002541870X (v. 1)
020 ## - INTERNATIONAL STANDARD BOOK NUMBER
International Standard Book Number 0025418807 (v. 2) :
040 ## - CATALOGING SOURCE
Transcribing agency 0
082 00 - DEWEY DECIMAL CLASSIFICATION NUMBER
Classification number 191
100 1# - MAIN ENTRY--PERSONAL NAME
Personal name Fuller, R. Buckminster
9 (RLIN) 407
245 10 - TITLE STATEMENT
Title Synergetics 2: explorations in the geometry of thinking
Statement of responsibility, etc. [by] R. Buckminster Fuller in collaboration with E. J. Applewhite. Pref. and contribution by Arthur L. Loeb.
246 ## - VARYING FORM OF TITLE
Title proper/short title Synergetics Two: explorations in the geometry of thinking
260 ## - PUBLICATION, DISTRIBUTION, ETC.
Place of publication, distribution, etc. New York:
Name of publisher, distributor, etc. Macmillan.
Date of publication, distribution, etc. [1975-79].
300 ## - PHYSICAL DESCRIPTION
Extent 592p.:
Other physical details illus;
Dimensions 24 cm.
500 ## - GENERAL NOTE
General note Includes index.
650 #0 - SUBJECT ADDED ENTRY--TOPICAL TERM
Topical term or geographic name entry element System theory.
9 (RLIN) 408
650 #0 - SUBJECT ADDED ENTRY--TOPICAL TERM
Topical term or geographic name entry element Thought and thinking.
9 (RLIN) 409
650 #0 - SUBJECT ADDED ENTRY--TOPICAL TERM
Topical term or geographic name entry element Mathematics
General subdivision Philosophy.
9 (RLIN) 410
700 1# - ADDED ENTRY--PERSONAL NAME
Personal name Applewhite, E. J.,
9 (RLIN) 411
942 ## - ADDED ENTRY ELEMENTS (KOHA)
Institution code [OBSOLETE] SADA
Koha item type Book
Call number prefix 191 FUL 1979
Source of classification or shelving scheme
Holdings
Withdrawn status Lost status Source of classification or shelving scheme Damaged status Not for loan Permanent Location Current Location Date acquired Total Checkouts Total Renewals Full call number Barcode Date last seen Date last checked out Cost, replacement price Price effective from Koha item type
          School of Art Design and Architecture (SADA) School of Art Design and Architecture (SADA) 09/29/2010 1 1 191 FUL 1979 SADA0000218 12/23/2015 11/03/2015 11370.00 08/05/2011 Book
© 2023 Central Library, National University of Sciences and Technology. All Rights Reserved.